Southville International School and Colleges
Your cart is empty.
  • Cart
  • Lists
    Public lists Eva Luna New books Lux_list list_1
    Your lists Log in to create your own lists
  • Log in to your account
  • Your cookies
  • Search history
Southville International School and Colleges
  • Advanced search
  • Recent comments
  • Most popular
  • Libraries

Log in to your account

Log in with GOOGLE


If you do not have an external account, but do have a local account, you can still log in:

  1. Home
  2. MARC view: One hundred hungry ants /
Normal view MARC view ISBD view

One hundred hungry ants / (Record no. 104574)

[ view plain ]
MARC details
000 -LEADER
fixed length control field 00607nam a2200181 a 4500
005 - DATE AND TIME OF LATEST TRANSACTION
control field 20140412111325.0
008 - FIXED-LENGTH DATA ELEMENTS--GENERAL INFORMATION
fixed length control field 001113s19uu xx 00 eng d
020 ## - INTERNATIONAL STANDARD BOOK NUMBER
International Standard Book Number 0-590-67298-3
050 ## - LIBRARY OF CONGRESS CALL NUMBER
Classification number TR(PS E
Item number On2 1993
100 ## - MAIN ENTRY--PERSONAL NAME
Personal name Princzes, Elinor J.
245 ## - TITLE STATEMENT
Title One hundred hungry ants /
Statement of responsibility, etc by Elinor J. Pinczes ; illustrated by Bonnie MacKain.
260 ## - PUBLICATION, DISTRIBUTION, ETC. (IMPRINT)
Place of publication, distribution, etc New York :
Name of publisher, distributor, etc Scholastic Inc,
Date of publication, distribution, etc 1993.
300 ## - PHYSICAL DESCRIPTION
Extent 1 v. (unp.) ; ill.
520 ## - SUMMARY, ETC.
Summary, etc One hundred hungry ants marched in a row, going to a picnic but were they too slow?
650 ## - SUBJECT ADDED ENTRY--TOPICAL TERM
Topical term or geographic name as entry element Ants stories
650 ## - SUBJECT ADDED ENTRY--TOPICAL TERM
Topical term or geographic name as entry element Children stories
Holdings
Withdrawn status Lost status Damaged status Home library Current library Shelving location Date acquired Source of acquisition Cost, normal purchase price Total Checkouts Full call number Barcode Date last seen Price effective from Koha item type
      Elizalde Library Elizalde Library Teachers Reference Section 11/13/2000   108.00   TR(PS E On2 1993 E8248 04/12/2014 04/12/2014 Books

One hundred hungry ants /

APA

Princzes E. J., . (1993). One hundred hungry ants. New York: Scholastic Inc.

Chicago

Princzes Elinor J, . 1993. One hundred hungry ants. New York: Scholastic Inc.

Harvard

Princzes E. J., . (1993). One hundred hungry ants. New York: Scholastic Inc.

MLA

Princzes Elinor J, . One hundred hungry ants. New York: Scholastic Inc. 1993.

  • Place hold
  • Print
  • Cite
  • Add to your cart (remove)
  • Save record
    BIBTEX Dublin Core MARCXML MARC (non-Unicode/MARC-8) MARC (Unicode/UTF-8) MARC (Unicode/UTF-8, Standard) MODS (XML) RIS
  • More searches
    Search for this title in:
    Other Libraries (WorldCat) Other Databases (Google Scholar) Online Stores (Bookfinder.com) Open Library (openlibrary.org)

Exporting to Dublin Core...

SOUTHVILLE LIBRARY

Southville International School and Colleges Library

1281 Tropical Ave. Cor. Luxembourg St., BF Homes International, Las Pinas City

Tel. No. 8256374 / 252358 Loc. 117/146

Powered by Koha